000 00251nam a22001097a 4500
999 _c65095
_d65092
082 _a297.207
_aMOH
100 _aMohammad Amin
245 _aMOHAMMAD AND TEACHINGS OF QURAN
260 _aLAHORE
_bASHRAF PRESS LAHORE
_c1973
300 _a135
942 _cBK